00769nas a2200229Ia 4500001001300000003001000013008004100023040002500064041001300089100002400102210001100126222001100137245003800148250001100186260000900197501012300206300001400329362002000343500009400363650002500457700005700482dg117-53622 IT-MiCISF161014c99999999xx |||||||||||| ||und|| aIT-MiCISFcIT-MiCISF aFRANCESE aFourneraut Sixtine  aLa vie aLa vie 0aOù sont passés les bébés? a1a ed. c2016 bCISF - Centro Internazionale Studi Famiglia - Via Giotto, 36 20145 MILANO (non commercial uses only)cCopyright 2016 app. 16-27 a n. 3674 [2016] aTema: popolazione, denatalità, società, chiesa, politica-familiare, controllo-nascite apopolazionevdossier a Lindell H., Grwybowski L., Chabaud C., Anciberro J.